00251nam a2200097Ia 4500008004000000082001100040100002300051245002000074260005100094300000800145210210b2000 xxu||||| |||| 00| 0 eng d a310/83 aJONES (D Caradog). aSocial surveys. aLondonbHutchinson''s university libraryc2000 a231